书目信息 |
| 题名: |
中文Visual Basic 6.0 实用基础教程
|
|
| 作者: | 易卫 , 杨谊 , 李光明 编著 | |
| 分册: | ||
| 出版信息: | 北京 地震出版社 2002.08 |
|
| 页数: | 165页 | |
| 开本: | 20cm | |
| 丛书名: | ||
| 单 册: | ||
| 中图分类: | TP312 | |
| 科图分类: | ||
| 主题词: | 软件 | |
| 电子资源: | ||
| ISBN: | 7-5028-2127-9 | |
| 000 | 00688nam0 2200217 45 | |
| 001 | 0440067286 | |
| 005 | 2004052011074726 | |
| 010 | @a7-5028-2127-9@dCNY 20.00 | |
| 100 | @a20040520d2002 km y0chiy0120 ea | |
| 101 | 0 | @achi |
| 102 | @aCN@b110000 | |
| 200 | 1 | @a中文Visual Basic 6.0 实用基础教程@AZhong Wen Visual Basic 6.0 Shi Yong Ji Chu Jiao Cheng@f易卫,杨谊,李光明编著@FYi Wei,Yang Yi,Li Guang Ming Bian Zhu |
| 210 | @a北京@c地震出版社@d2002.08 | |
| 215 | @a165页@d20cm | |
| 606 | 0 | @a软件 |
| 690 | @aTP312@v4 | |
| 701 | 0 | @a易卫@AYi Wei@4编著 |
| 701 | 0 | @a杨谊@AYang Yi@4编著 |
| 701 | 0 | @a李光明@ALi Guang Ming@4编著 |
| 801 | 0 | @aCN@bPFT@c20040520 |
| 905 | @a安徽大学@dTP312@eY553 | |
| 中文Visual Basic 6.0 实用基础教程/易卫,杨谊,李光明编著.-北京:地震出版社,2002.08 |
| 165页;20cm |
| ISBN 7-5028-2127-9:CNY 20.00 |
| ● |
| 相关链接 |
|
|
|
正题名:中文Visual Basic 6.0 实用基础教程
索取号:TP312/Y553
 
预约/预借
| 序号 | 登录号 | 条形码 | 馆藏地/架位号 | 状态 | 备注 |
| 1 | 376387 | 203763873 | 自科库301/301自科库 53排5列3层/ [索取号:TP312/Y553] | 在馆 | |
| 2 | 376388 | 203763882 | 自科库301/301自科库 53排5列3层/ [索取号:TP312/Y553] | 在馆 |